000 01280cam a2200217 4500
001 ABS62911
008 000000n2000 000 0 eng u
035 _a(Sirsi) u108654
245 _aR v SoS Environment ex p Wheeler
260 _c2000
490 _aEstates Gazette
_v[2000] 37 EG 156-161(6)
520 _aQBD 20 June 2000. SoS gave an undertaking that an area of land, forming part of the Winchester bypass, would be retained as chalk grassland. The land was owned by the Highways Agency. Hampshire CC wanted to develop the land and obtained planning permission.. They then sought to obtain the land from the Agency. A local conservation group then pointed out that if the land was no longer required by the Highways Agency, the Crichel Down Rules applied to its disposal. Highways Agency agreed sale of land to council. Minister accepted sale could proceed as an exception to the Crichel Down Rules. Applicant sought judicial review of that decision. "Held" application was dismissed.
590 _aABS
650 _aR V SOS ENVIRONMENT EX P WHEELER
650 _aCRICHEL DOWN RULES
650 _aPLANNING PERMISSION
650 _aLAND DISPOSAL
650 _aPARK AND RIDE
690 _aENVIRONMENTAL AND LAND CONSULTANCY-PLANNING AND DEVELOPMENT
942 _n0
999 _c64868
_d64868